000 00924nam a22002897a 4500
001 0033738
003 KOHA_MİRAKIL
005 20260207002901.0
007 ta
008 111118b1986 tu a|||gr||||#||||0|tur |
020 _c,01
040 _aTR-BiSEU
_btur
_cTR-BiSEU
_erda
041 0 _atur
044 _ctu
050 _aHB172
_b.T88 1986
100 1 _aTürkay, Orhan.
245 1 _aMikroiktisat teorisi/
_cOrhan Türkay ; Orhan Türkay.
264 1 _aAnkara :
_bAnkara Üniversitesi Siyasal Bilgiler Fakültesi Yayınları
_c1986
300 _aXIV, 250 sayfa :
_bres.
336 _ametin
_btxt
_2rdacontent
337 _aaracısız
_bn
_2rdamedia
338 _acilt
_bnc
_2rdacarrier
490 0 _aAnkara Üniversitesi Siyasal Bilgiler Fakültesi Yayınları :551
650 0 _aMikroekonomi.
_91880
830 0 _aAnkara Üniversitesi Siyasal Bilgiler Fakültesi Yayınları :551
_965428
942 _2lcc
_cBK
999 _c33738
_d33738